| 000 | 02511nam a2200409 i 4500 | ||
|---|---|---|---|
| 999 |
_c64099 _d64099 |
||
| 001 | 768714001 | ||
| 003 | CO-MdFUSB | ||
| 005 | 20180622165840.0 | ||
| 008 | 171020s2015 ck ||||| |||| 00| 0 spa d | ||
| 020 | _a9789587452631 | ||
| 040 |
_aCO-MdFUSB _bspa _cCO-MdFUSB _dCO-MdFUSBC _erda |
||
| 041 | _aspa | ||
| 082 |
_223 _a259.22 _bD157 |
||
| 245 | 1 |
_aDame la mano y danzaremos juntos _b: La niñez como desafío teológico y pastoral _c/ Editado por Monseñor Gustavo Rodríguez Vega y Harold Segura Carmona |
|
| 264 | 0 |
_aBogotá : _bWorld visión - América Latina y El Caribe ; _bCELAM - DEJUSOL ; _bSociedad Bíblica Colombiana, _c2015 |
|
| 300 |
_a260 páginas : _c21 cm. |
||
| 336 |
_2rdacontent _atexto _btxt |
||
| 337 |
_2rdamedia _asin mediación _bn |
||
| 338 |
_2rdacarrier _avolumen _bnc |
||
| 505 | _aIntroducción -- La centralidad de la niñez en la pastoral de la iglesia. Apuntes para una historia de la pastoral de la infancia . Leonidas Ortiz Lozada -- Rostros de Jesús en la infancia latinoamericana. María Clara Bingemer -- Dame la mano y danzaremos: la niñez como desafío teológico-pastoral. Elizabeth Salazar Sanzana -- Del rechazo al abrazo: Iglesia, niñez e inclusión. Ruth Padilla -- La centralidad de la niñez en el Nuevo Testamento. Wilton Sánchez Castelblanco -- Teología con rostro de niñez. Apuntes para una teología de la niñez en perspectiva latinoamericana. Harold Segura -- Hacia una pastoral de la infancia. Monseñor Eduardo García -- El juego y la teología de la celebreación desde la infancia. Edesio Sánchez Cetina -- De juegos, fantasías y travesuras. Espiritualidad en clave de niñez. Nicolás Panotto. -- Una perspectiva del cuidad en los procesos de crianza: hacia una saludable nutrición espiritual de la niñez. Maria Cecilia Leme Garcez -- Glorificar a Dios en la defensa de la vida. Notas sobre la infancia y la lectura bíblica. Paulo Ueti | ||
| 563 | _arústico | ||
| 650 | 0 |
_91010 _aNiños _xVida religiosa |
|
| 653 | _aCuidado pastoral -- Niñez | ||
| 653 | _aDirección pastoral -- Niñez | ||
| 653 | _aIglesia cristiana y la niñez | ||
| 700 |
_9900 _aSánchez Cetina, Edesio, _d1947- _eautor |
||
| 720 | _aBingemer, María Clara | ||
| 720 | _aSanzana, Elizabeth Salazar | ||
| 720 | _aPadilla, Ruth | ||
| 720 | _aSánchez Castelbalnco, Wilton | ||
| 720 | _aSegura, Harold | ||
| 720 | _aGarcía, Eduardo | ||
| 720 | _aPanotto, Nicolás | ||
| 720 | _aLeme Garcez, María Cecilia | ||
| 720 | _aUeti, Paulo | ||
| 942 | _cBK | ||